Histoire de la Conqueste du Mexique, ou de la Nouvelle Espagne (Record no. 8191)

MARC details
000 -CABECERA
campo de control de longitud fija 01167nam a2200325 a 4500
001 - NÚMERO DE CONTROL
campo de control BRCA_8525
005 - FECHA Y HORA DE LA ÚLTIMA TRANSACCIÓN
campo de control 20190320210324.0
008 - DATOS DE LONGITUD FIJA--INFORMACIÓN GENERAL
campo de control de longitud fija 100816s1714----fr-ba#####---#001-0#fre-#
041 ## - CÓDIGO DE LENGUA
Código de lengua del texto/banda sonora o título independiente fre
044 ## - CÓDIGO DEL PAÍS DE LA ENTIDAD EDITORA/PRODUCTORA
Código MARC del país fr
050 #4 - SIGNATURA TOPOGRÁFICA DE LA BIBLIOTECA DEL CONGRESO
Número de clasificación F1230
Número de documento/Ítem .C66
-- 1714
100 1# - ENTRADA PRINCIPAL--NOMBRE DE PERSONA
Nombre de persona Cortez, Fernand
9 (RLIN) 21387
245 10 - MENCIÓN DE TÍTULO
Título Histoire de la Conqueste du Mexique, ou de la Nouvelle Espagne
Mención de responsabilidad, etc. Fernand Cortez; tr. Don Antoine de Solis.
250 ## - MENCIÓN DE EDICIÓN
Mención de edición 4a. ed.
260 ## - PUBLICACIÓN, DISTRIBUCIÓN, ETC.
Lugar de publicación, distribución, etc. París
Nombre del editor, distribuidor, etc. Compagnie des libraries
Fecha de publicación, distribución, etc. 1714
300 ## - DESCRIPCIÓN FÍSICA
Extensión 2 v.
Otras características físicas Mapas
Dimensiones 17 cm
500 ## - NOTA GENERAL
Nota general Fondo antiguo
500 ## - NOTA GENERAL
Nota general Se encuentra en Caja Fuerte
500 ## - NOTA GENERAL
Nota general S-108
500 ## - NOTA GENERAL
Nota general En portada: Avec approbatio & privilegio du roy
500 ## - NOTA GENERAL
Nota general Incluye tabla de los capitulos contenidos en este volumen y tabla de materias
500 ## - NOTA GENERAL
Nota general Contiene prefacio
500 ## - NOTA GENERAL
Nota general Con Ex-libris de: Franz Mayer
500 ## - NOTA GENERAL
Nota general Nota de encuadernación: en piel con tapas de cartón
506 0# - NOTA DE RESTRICCIONES AL ACCESO
Limitaciones de acceso Fondo reservado: para su consulta es necesario credencial de usuario y carta de motivos
650 14 - PUNTO DE ACCESO ADICIONAL DE MATERIA--TÉRMINO DE MATERIA
Término de materia o nombre geográfico como elemento de entrada México
Término indicativo de función/relación Historia
Subdivisión general Conquista
Subdivisión cronológica 1519-1540
9 (RLIN) 21388
700 1# - PUNTO DE ACCESO ADICIONAL--NOMBRE DE PERSONA
Nombre de persona Don Antoine de Solis, tr.
9 (RLIN) 21389
902 ## - CATALOGADOR
Iniciales LAR
942 ## - ELEMENTOS DE PUNTO DE ACCESO ADICIONAL (KOHA)
Fuente del sistema de clasificación o colocación Library of Congress Classification
Tipo de ítem Koha Libros
Holdings
Estado de retiro Estado de pérdida Estado dañado No para préstamo Localización permanente Ubicación/localización actual Fecha de adquisición Número de inventario Total de préstamos Signatura topográfica completa Código de barras Fecha visto por última vez Precio válido a partir de Tipo de ítem Koha
El ejemplar forma parte de la colección y puede ser consultado según las políticas vigentes.       Biblioteca del Museo Franz Mayer (Rogerio Casas-Alatriste) Biblioteca del Museo Franz Mayer (Rogerio Casas-Alatriste) 10/08/2016 S-108   F1230 .C66 1714 (S-108) LAR00031 22/03/2019 22/03/2019 Libros
El ejemplar forma parte de la colección y puede ser consultado según las políticas vigentes.       Biblioteca del Museo Franz Mayer (Rogerio Casas-Alatriste) Biblioteca del Museo Franz Mayer (Rogerio Casas-Alatriste) 10/08/2016 S-108   F1230 .C66 1714 (S-108) LAR00032 22/03/2019 22/03/2019 Libros